Company and partnership law (Record no. 6018)

MARC details
000 -LEADER
fixed length control field 01176nam a22001817a 4500
020 ## - INTERNATIONAL STANDARD BOOK NUMBER
ISBN 99649677
022 ## - INTERNATIONAL STANDARD SERIAL NUMBER
ISSN 744369031
050 ## - CALL NUMBER
Classification number KRX9540
Item number .Ab8
100 ## - AUTHOR
Personal name Abrefa-Gyan, Kwame
245 ## - TITLE
Title Company and partnership law
Remainder of title for professional and tertiary students
Statement of responsibility, etc Kwame Abrefa-Gyan
260 ## - PUBLICATION INFORMATION
Place of publication Accra :
Name of publisher K.N. AB Agencies Ltd,
Year of publication 2006.
300 ## - DESCRIPTION
Number of Pages IV, 254 p. ;
Dimensions 22 cm
500 ## - NOTES
General note <br/>
505 ## - FORMATTED CONTENTS NOTE
Table of Content Nature and types of companies forms of business organisations-<br/>Regulations--<br/>Alternation of the regulations--<br/>Commencement of business--<br/>Promoters --<br/>Capital and financing of company --<br/>Acts by or on behalf of a company --<br/>Shares and share capital<br/>Management & administration of a company--<br/>Offices of company --<br/>Auditor --<br/>Meetings and resolutions--<br/> The corporate veil--<br/>Altera vires (the doctrine of limited corporate capacity)--<br/>Majority rule and minority protection--<br/>Representative action--<br/>Receivers and managers--<br/>Winding up (liquidation)<br/>Partnership --<br/>functions of the registrar general--<br/>Business properties--<br/>Legal environment of business<br/>
650 ## - SUBJECTS
Topical Term Corporation law -- Ghana.
650 ## - SUBJECTS
Topical Term Partnership -- Ghana.
942 ## - ADDED ENTRY ELEMENTS (KOHA)
Koha item type Books
Holdings
Withdrawn status Lost status Collection code Home library Current library Shelving location Date acquired Source of acquisition Full call number Accession Number Koha item type Cost, normal purchase price
    Reference Methodist University Library Tema Methodist University Library Tema General Stacks   Donation from Abrefa - Gyan KRX9540 .Ab8 7695 Books  
    Reference Methodist University Library Tema Methodist University Library Tema General Stacks   Donation from Abrefa - Gyan KRX9540 .Ab8 7696 Books  
      Methodist University Library Tema Methodist University Library Tema General Stacks   Donation from Abrefa - Gyan KRX9540 .Ab8 7697 Books  
      Methodist University Library Tema Methodist University Library Tema General Stacks   Donation from Abrefa - Gyan KRX9540 .Ab8 7698 Books  
    Reference Methodist University Library Wenchi Faculty Methodist University Library Wenchi Faculty General Stacks   Donation from Abrefa - Gyan KRX9540 .Ab8 7699 Books  
      Methodist University Library Wenchi Faculty Methodist University Library Wenchi Faculty General Stacks   Donation from Abrefa - Gyan KRX9540 .Ab8 7702 Books  
      Methodist University Library Wenchi Faculty Methodist University Library Wenchi Faculty General Stacks   Donation from Abrefa - Gyan KRX9540 .Ab8 7703 Books  
      Methodist University Library Wenchi Faculty Methodist University Library Wenchi Faculty General Stacks   Donation from Abrefa - Gyan KRX9540 .Ab8 7700 Books 0.00
Copyright © 2026  MUG Library